header

Transmission expansion for renewable energy scale-up (Record no. 87944)

MARC details
000 -LEADER
fixed length control field 02105nam a2200337 a 4500
082 04 - DEWEY DECIMAL CLASSIFICATION NUMBER
Classification number 621.319
100 1# - MAIN ENTRY--AUTHOR NAME
Personal name Madrigal, Marcelino.
245 10 - TITLE STATEMENT
Title Transmission expansion for renewable energy scale-up
260 ## - PUBLICATION, DISTRIBUTION, ETC. (IMPRINT)
Place of publication Washington D.C. :
Name of publisher World Bank,
Year of publication 2012.
300 ## - PHYSICAL DESCRIPTION
Number of Pages xviii, 147 p. :
Other physical details ill.
490 0# - SERIES STATEMENT
Series statement World Bank study
505 0# - FORMATTED CONTENTS NOTE
Formatted contents note Foreword -- Acknowledgments -- Executive summary -- Acronyms and abbreviations -- The need to address transmission issues when scaling up renewable : emerging planning and pricing practices -- Introduction -- Transmission cost allocation and pricing -- Proactive planning and other institutional arrangements to expand transmission for renewable energy -- Renewable transmission development : economic principles -- Transmission and renewable energy, the basic trade-off -- Economic principles on transmission planning -- Economic principles of transmission pricing -- Appendix A: Investment assessment by jurisdiction -- Appendix B: Review of connection cost allocation and network infrastructure pricing methodologies -- Appendix C: Topics on transmission planning: reliability criteria and new tools -- Bibliography.
650 #0 - SUBJECT ADDED ENTRY--TOPICAL TERM
Topical Term Renewable energy sources.
700 1# - ADDED ENTRY--PERSONAL NAME
Personal name Stoft, Steven.
856 40 - ELECTRONIC LOCATION AND ACCESS
Uniform Resource Identifier http://site.ebrary.com/lib/rucke/Doc?id=10576331

No items available.

© 2026 Rongo University
Contact us: librarian | system librarian | Rongo university